LEADER 01304nam a2200289 i 4500 001 000000102219 003 CaOOAMICUS 005 20170418000000.0 008 170418s1996 it u000 u ita u 013 $a74372 020 $a88-215-3082-5 040 $aSeMil$bita 100 1 $aRizzacasa, Aurelio.$0(OLS)http://semarc/name/24233 245 13$aIl tema di Lessing. É possibile provare una verità eterna a partire da un fatto storico? /$cAurelio Rizzacasa. 260 $aCinisello Balsamo :$bSan Paolo,$c1996. 300 $a165 p. ;$c21 cm. 490 0 $aUniverso filosofia ;$v19. 500 $aContiene : Bibliografia essenziale. 650 4$aIlluminismo - Filosofia.$0(OLS)http://semarc/subject/1064 650 4$aLessing, Gotthold Ephraim.$0(OLS)http://semarc/subject/10123 830 0$aUniverso filosofia ;$v19.$0(OLS)http://semarc/title/9259 850 $aSeMil 852 $aSeMil$W1$xVenegono$y1$m2P VII 139$j58780$B58780$CSeMilBibl$Z2$F69731 $81 961 $aRecupero: Seminario di Seveso 996 $6020$a88-215-3082-5$9(OLS)http://semarc/number/272707 996 $6245$aIl tema di Lessing. É possibile provare una verità eterna a partire da un fatto storico?$9(OLS)http://semarc/title/407009 996 $6260$aCinisello Balsamo :$bSan Paolo$9(OLS)http://semarc/publisher/30129 LEADER 01304nam a2200277 4500 001 000000366353 003 CaOOAMICUS 005 20260211102059.0 008 260211s2023 it a 000 u ita r 020 $a978-88-943768-4-5 040 $aSeMil$bita 245 03$aIl mio Paradiso :$bDante profeta di speranza /$c[Gabriele dell'Otto, Franco Nembrini]. 264 1$a[S.l.] :$bAssociazione Rivela,$c[2023] 300 $a87 p. :$bill. ;$c31 cm 500 $aTitolo ricavato dalla copertina. --In testa alla cop.: Rivela, CentoCanti, Diocesi di VeronaCatalogo della mostra itinerante 650 4$aAlighieri, Dante <1265-1321> . Divina Commedia . Paradiso.$0(OLS)http://semarc/subject/28996 700 1 $aNembrini, Franco,$d<1955- >.$0(OLS)http://semarc/name/89822 700 1 $aDell'Otto, Gabriele.$0(OLS)http://semarc/name/123732 850 $aSeMil 852 $aSeMil$W1$xVenegono$y1$m1O VI 298$j267115$B257105$CSeMilBibl$Z2$F257105 $81 941 1 $a7 961 $aOmaggio mons. Mario Delpini. -- Con dedica autografa 996 $6020$a978-88-943768-4-5$9(OLS)http://semarc/number/305276 996 $6245$aIl mio Paradiso :$bDante profeta di speranza$9(OLS)http://semarc/title/458120 996 $6264$a[S.l.] :$bAssociazione Rivela$9(OLS)http://semarc/publisher/62890